000 00561nam a22002177a 4500
003 UA-OsUOA
001 98900
007 ta
008 20130422b un ||||| |||| 00| 0 ukr d
100 _aРытхеу Ю.
090 _a821.161.1
_bР95
942 _cBK
040 _aUA-OsUOA
_cUA-OsUOA
_dUA-OsUOA
245 _aБелые снега
_bроман
300 _a272 с.
955 _a3
080 _a821.161.1
260 _aМ.
_bИзвестия
_c1988
650 7 _a82 Література. Літературознавство
_2UDC
999 _c384693
_d384693